|
|
|
|
| LEADER |
00802cam a2200241 a 4500 |
| 001 |
0000069803 |
| 005 |
20060519090000.0 |
| 040 |
|
|
|a mod
|
| 041 |
|
|
|a eng
|
| 020 |
0 |
0 |
|a 076192566X
|
| 090 |
0 |
0 |
|a 303.34
|b NOR
|e 2003
|
| 100 |
1 |
0 |
|a Northouse
|h Peter Guy
|
| 245 |
1 |
0 |
|a Leadership
|b theory and practice
|c Peter G. Northouse
|
| 250 |
0 |
0 |
|a 3rd ed
|
| 260 |
0 |
0 |
|a New Delhi
|b Response Books
|c 2003
|
| 300 |
0 |
0 |
|a xvi, 343 p.
|b ill.
|c 21 cm
|
| 500 |
0 |
0 |
|a Includes index
|
| 650 |
0 |
0 |
|a Leadership
|
| 650 |
0 |
0 |
|a Leadership
|x Case studies
|
| 852 |
0 |
0 |
|a 01
|
| 999 |
|
|
|a 0221312
|b KEMENTAH
|d BOOKS
|e Pusat Sumber Kepimpinan
|f Perpustakaan KEMENTAH
|j AVAILABLE
|q GOOD CONDITION
|
| 999 |
|
|
|a 0222708
|b KEMENTAH
|d BOOKS
|e Umum
|f Perpustakaan KEMENTAH
|j AVAILABLE
|q GOOD CONDITION
|
| 999 |
|
|
|a 0240339
|b KTD
|d BOOKS
|e Umum
|f KTD
|j AVAILABLE
|q GOOD CONDITION
|